|
|
|
|
| LEADER |
00000nta a2200000 i 4500 |
| 001 |
dolg19845 |
| 005 |
20181217112829.0 |
| 008 |
181217suuuu hu om 000 hun d |
| 040 |
|
|
|a BGE Dolgozattár Repozitórium
|b hun
|
| 041 |
|
|
|a hu
|
| 100 |
1 |
|
|a Bényi Alexandra
|
| 245 |
1 |
0 |
|a ERP tanácsadás a gyakorlatban a PROGEN Mérnöki Fejlesztő és Szolgáltató Kft-nél
|c Bényi Alexandra
|h [elektronikus dokumentum]
|
| 695 |
|
|
|a ERP rendszer fejlesztés
|
| 695 |
|
|
|a ERP tanácsadás
|
| 700 |
1 |
|
|a Sipos Dr. Marianna
|e ths
|
| 700 |
1 |
|
|a Tóth István György
|e ths
|
| 856 |
4 |
0 |
|u http://dolgozattar.uni-bge.hu/19845/1/Benyi_Alexandra_IDCIK9_ERP_tanacsadas_a_gyakorlatban_a_PROGEN_Mernoki_Fejleszto_es_Szolgaltato_Kft-nel_2018.pdf
|z Dokumentum-elérés
|